ბათუმის შოთა რუსთაველის სახელმწიფო უნივერსიტეტის ბიბლიოთეკა

მართვა და მარშრუტიზაცია კომპიუტერულ ქსელებში (ბიბ.ჩანაწერი № 34924)

000 -LEADER
fixed length control field 00847nam a2200205Ia 4500
001 - CONTROL NUMBER
control field 752
003 - CONTROL NUMBER IDENTIFIER
control field GE_BSU
008 - FIXED-LENGTH DATA ELEMENTS--GENERAL INFORMATION
fixed length control field 181216s||||||||xx |||||||||||||| ||und||
040 ## - CATALOGING SOURCE
Transcribing agency GE_BSU
080 ## - UNIVERSAL DECIMAL CLASSIFICATION NUMBER
Universal Decimal Classification number 004.7(075.8)
100 ## - MAIN ENTRY--PERSONAL NAME
Personal name ბერიძე,ჯ;ბურკაძე,ტ.;ბურკაძე,ა.
245 ## - TITLE STATEMENT
Title მართვა და მარშრუტიზაცია კომპიუტერულ ქსელებში
245 ## - TITLE STATEMENT
Remainder of title სახელმძღვანელო ტელეკომუნიკაციის სპეციალ. სტუდ–ს
260 ## - PUBLICATION, DISTRIBUTION, ETC.
Place of publication, distribution, etc. თბილისი
260 ## - PUBLICATION, DISTRIBUTION, ETC.
Date of publication, distribution, etc. 2009
300 ## - PHYSICAL DESCRIPTION
Extent 101გვ.
653 ## - INDEX TERM--UNCONTROLLED
Uncontrolled term მართვა და მარშრუტიზაცია კომპიუტერულ ქსელებში
942 ## - ADDED ENTRY ELEMENTS (KOHA)
Koha item type წიგნი
ეგზემპლარები
Withdrawn status Lost status Damaged status Not for loan Date acquired Barcode Date last seen Price effective from Koha item type
        2018-12-17 910 2018-12-17 2018-12-17 წიგნი